[Event "Varese op 19th"]
[Site "Varese"]
[Date "2022.10.09"]
[Round "4"]
[White "D'Aulisa, Francesco"]
[Black "Nipote, Mario"]
[Result "1-0"]
[WhiteElo "1555"]
[BlackElo "1500"]
[PlyCount "54"]
[EventDate "2022.10.07"]
[EventType "swiss"]
[EventRounds "5"]
[EventCountry "ITA"]
[SourceTitle "EXT 2024"]
[Source "ChessBase"]
[SourceDate "2023.10.10"]
[SourceVersion "1"]
[SourceVersionDate "2023.10.10"]
[SourceQuality "1"]

1. e4 e5 2. f4 d6 3. Nf3 Nf6 4. Bc4 Be7 5. d3 c5 6. fxe5 dxe5 7. Nxe5 0-0 8. c3 Bd6 9. Nf3 Bg4 10. 0-0 Nc6 11. Nbd2 Qc7 12. h3 Bh5 13. a3 Ne5 14. Qb3 a6 15. Nxe5 Bxe5 16. Nf3 Bd6 17. Bg5 b5 18. Bxf6 bxc4 19. Qxc4 gxf6 20. Nh4 Qd8 21. Nf5 Qd7 22. Qd5 Be2 23. Nxd6 Bxf1 24. Rxf1 Qe6 25. Qxc5 Rad8 26. Nf5 Rxd3 27. Nh6+ Kh8 1-0

[Event "Varese op 19th"]
[Site "Varese"]
[Date "2022.10.08"]
[Round "2"]
[White "D'Aulisa, Francesco"]
[Black "Cara Romeo, Lavinia"]
[Result "0-1"]
[WhiteElo "1555"]
[BlackElo "1254"]
[PlyCount "64"]
[EventDate "2022.10.07"]
[EventType "swiss"]
[EventRounds "5"]
[EventCountry "ITA"]
[SourceTitle "EXT 2024"]
[Source "ChessBase"]
[SourceDate "2023.10.10"]
[SourceVersion "1"]
[SourceVersionDate "2023.10.10"]
[SourceQuality "1"]

1. e4 c5 2. Nf3 e6 3. Bc4 d6 4. 0-0 Nf6 5. d3 Be7 6. Re1 0-0 7. e5 dxe5 8. Nxe5 Nbd7 9. f4 Nxe5 10. fxe5 Qd4+ 11. Kh1 Ng4 12. Rf1 Nf2+ 13. Rxf2 Qxf2 14. Nc3 Qf5 15. Qe2 a6 16. Bd2 b5 17. Bb3 Bb7 18. Rf1 Qg6 19. Bf4 Rad8 20. Be3 Rfe8 21. a3 Bd5 22. Ba2 Bxa2 23. Nxa2 b4 24. axb4 cxb4 25. Nc1 Rc8 26. Nb3 Red8 27. Rf3 Qh5 28. d4 Qg6 29. Rf2 Bg5 30. Bxg5 Qxg5 31. Qxa6 Ra8 32. Qb7 Ra1+ 0-1

[Event "Robecchetto op-B 25th"]
[Site "Robecchetto"]
[Date "2014.12.29"]
[Round "5"]
[White "Buzio, Alberto"]
[Black "D'Aulisa, Francesco"]
[Result "1-0"]
[WhiteElo "1835"]
[BlackElo "1767"]
[PlyCount "71"]
[EventDate "2014.12.26"]
[EventType "swiss"]
[EventRounds "6"]
[EventCountry "ITA"]
[SourceTitle "EXT 2017"]
[Source "ChessBase"]
[SourceDate "2016.10.25"]
[SourceVersion "1"]
[SourceVersionDate "2016.10.25"]
[SourceQuality "1"]

1. e4 d6 2. d4 e6 3. f4 g6 4. Nf3 Ne7 5. Bd3 a6 6. 0-0 Nd7 7. Nc3 b6 8. Qe2 Bb7 9. f5 e5 10. Bg5 Bg7 11. d5 f6 12. Bd2 g5 13. Bxg5 Ng8 14. Be3 Qe7 15. b4 Qf7 16. Qd2 h5 17. Nh4 Nf8 18. Be2 Bh6 19. Rf3 Bxe3+ 20. Qxe3 Nh6 21. Rg3 Ng8 22. a4 Ne7 23. Na2 Kd7 24. c4 Nh7 25. c5 Bxd5 26. Nc3 Bc6 27. cxb6 cxb6 28. Rd1 Kc7 29. Ng6 Nxg6 30. fxg6 Qg7 31. gxh7 Qxh7 32. b5 Bb7 33. bxa6 Bc6 34. Nb5+ Bxb5 35. Bxb5 Rab8 36. Qc3+ 1-0

[Event "Robecchetto op-B 25th"]
[Site "Robecchetto"]
[Date "2014.12.29"]
[Round "6"]
[White "Moroni, Luca"]
[Black "D'Aulisa, Francesco"]
[Result "1/2-1/2"]
[WhiteElo "1868"]
[BlackElo "1767"]
[PlyCount "55"]
[EventDate "2014.12.26"]
[EventType "swiss"]
[EventRounds "6"]
[EventCountry "ITA"]
[SourceTitle "EXT 2017"]
[Source "ChessBase"]
[SourceDate "2016.10.25"]
[SourceVersion "1"]
[SourceVersionDate "2016.10.25"]
[SourceQuality "1"]

1. Nf3 d6 2. d4 e6 3. Bf4 h6 4. h3 a6 5. e3 Nd7 6. c3 Ne7 7. Bc4 b6 8. Nbd2 Bb7 9. Qe2 g5 10. Bh2 Rg8 11. e4 Ng6 12. Bd3 Bg7 13. Rg1 e5 14. Bc4 Nf4 15. Bxf4 gxf4 16. 0-0-0 Bf6 17. dxe5 dxe5 18. Nh2 Qe7 19. Ng4 Bg7 20. Nf3 b5 21. Rxd7 Kxd7 22. Bxf7 Rgd8 23. Bg6 Kc6 24. Nd2 Rd6 25. Bf5 Rad8 26. Nb3 Kb6 27. f3 Ka7 28. Qf2+ 1/2-1/2

[Event "Robecchetto op-B 25th"]
[Site "Robecchetto"]
[Date "2014.12.28"]
[Round "4"]
[White "D'Aulisa, Francesco"]
[Black "Raselli, Claudio"]
[Result "0-1"]
[WhiteElo "1767"]
[BlackElo "1836"]
[PlyCount "64"]
[EventDate "2014.12.26"]
[EventType "swiss"]
[EventRounds "6"]
[EventCountry "ITA"]
[SourceTitle "EXT 2017"]
[Source "ChessBase"]
[SourceDate "2016.10.25"]
[SourceVersion "1"]
[SourceVersionDate "2016.10.25"]
[SourceQuality "1"]

1. e4 c5 2. Nf3 e6 3. g3 Nc6 4. c3 Nf6 5. d3 d6 6. Bg2 Be7 7. Na3 0-0 8. 0-0 Rb8 9. Nc2 b5 10. Re1 b4 11. d4 bxc3 12. bxc3 cxd4 13. cxd4 d5 14. Bf4 Rb6 15. Ne5 Nxe4 16. Bxe4 dxe4 17. Rxe4 Nxe5 18. Bxe5 Bb7 19. Re1 Qd5 20. f3 Qxf3 21. Qxf3 Bxf3 22. Rab1 Rc8 23. Rxb6 axb6 24. Na1 Bd5 25. Rb1 Bxa2 26. Rxb6 Rc1+ 27. Kf2 f6 28. Bf4 Rxa1 29. Ra6 Bb4 30. Ra8+ Kf7 31. Ra7+ Kg6 32. g4 e5 0-1

[Event "Varese op 13th"]
[Site "Varese"]
[Date "2014.10.11"]
[Round "3"]
[White "D'Aulisa, Francesco"]
[Black "Lipari, Alberto"]
[Result "1-0"]
[WhiteElo "1733"]
[BlackElo "1527"]
[PlyCount "75"]
[EventDate "2014.10.10"]
[EventType "swiss"]
[EventRounds "5"]
[EventCountry "ITA"]
[SourceTitle "EXT 2016"]
[Source "ChessBase"]
[SourceDate "2015.10.08"]
[SourceVersion "1"]
[SourceVersionDate "2015.10.08"]
[SourceQuality "1"]

1. e4 g6 2. d4 Bg7 3. Nf3 d6 4. Be3 c5 5. Bb5+ Bd7 6. Qe2 Qb6 7. Nc3 a6 8. Bxd7+ Nxd7 9. Nd5 Qxb2 10. 0-0 0-0-0 11. Rfb1 Qa3 12. Rb3 Qa4 13. Rab1 b5 14. dxc5 Qxe4 15. Nb6+ Kb7 16. Ng5 Qf5 17. g4 Qf6 18. Nd5 Qe5 19. Qf3 Nxc5 20. Nxe7+ d5 21. Nxf7 Qxe7 22. Nxd8+ Qxd8 23. Bxc5 Bf6 24. a4 Kc6 25. Ba3 Qa5 26. axb5+ axb5 27. Bb4 Qc7 28. Bc3 Qe7 29. Bxf6 Nxf6 30. Rxb5 Ne4 31. Rb6+ Kc5 32. R1b5+ Kd4 33. Qd3+ Ke5 34. Rxd5+ Kf4 35. Qe3+ Kxg4 36. h3+ Kh4 37. Qf4+ Kxh3 38. Rd3+ 1-0

[Event "Varese op 13th"]
[Site "Varese"]
[Date "2014.10.11"]
[Round "2"]
[White "Montilli, Vincenzo"]
[Black "D'Aulisa, Francesco"]
[Result "1-0"]
[WhiteElo "2122"]
[BlackElo "1733"]
[PlyCount "97"]
[EventDate "2014.10.10"]
[EventType "swiss"]
[EventRounds "5"]
[EventCountry "ITA"]
[SourceTitle "EXT 2016"]
[Source "ChessBase"]
[SourceDate "2015.10.08"]
[SourceVersion "1"]
[SourceVersionDate "2015.10.08"]
[SourceQuality "1"]

1. Nf3 d6 2. d4 e6 3. e4 h6 4. Nc3 a6 5. Bd3 Nd7 6. 0-0 Ne7 7. e5 d5 8. Ne2 b6 9. Ne1 c5 10. c3 Bb7 11. f4 g6 12. g4 h5 13. f5 gxf5 14. gxf5 Rg8+ 15. Kh1 Nxe5 16. fxe6 fxe6 17. dxe5 d4+ 18. Nf3 Ng6 19. Bxg6+ Rxg6 20. Nf4 Rh6 21. cxd4 cxd4 22. Qe2 Qh4 23. Kg1 Qd8 24. Qd3 Bc5 25. Nh3 Rh8 26. Nhg5 Qe7 27. Bd2 Rg8 28. h4 0-0-0 29. a3 Qd7 30. Rac1 Kb8 31. b4 Be7 32. Rc4 Bxf3 33. Rxf3 Qd5 34. Rf7 b5 35. Rc1 Rd7 36. Rcf1 Ka7 37. Qg3 Qa2 38. R1f2 Qb1+ 39. Kh2 Qd1 40. Qf3 Qc2 41. Qxh5 Qc6 42. Qh7 Re8 43. Qe4 Qb6 44. Rh7 Rc8 45. Rff7 Rcc7 46. Nf3 Qb7 47. Qxb7+ Rxb7 48. Bg5 d3 49. Rxe7 1-0

[Event "Varese-ch"]
[Site "Varese"]
[Date "2012.11.12"]
[Round "6"]
[White "D'Aulisa, Francesco"]
[Black "Brioschi, Camillo"]
[Result "0-1"]
[WhiteElo "1760"]
[BlackElo "1795"]
[PlyCount "62"]
[EventDate "2012.10.08"]
[EventType "swiss"]
[EventRounds "6"]
[EventCountry "ITA"]
[SourceTitle "EXT 2014"]
[Source "ChessBase"]
[SourceDate "2013.11.20"]
[SourceVersion "1"]
[SourceVersionDate "2013.11.20"]
[SourceQuality "1"]

1. e4 e5 2. f4 exf4 3. Nf3 g5 4. Bc4 Bg7 5. d4 d6 6. c3 Nc6 7. b4 h6 8. Qb3 Qe7 9. Nbd2 Nd8 10. Bb2 Be6 11. 0-0-0 Bxc4 12. Qxc4 Qd7 13. e5 d5 14. Qd3 Ne7 15. Nb3 b6 16. Kb1 Nf5 17. Bc1 Ne7 18. Kb2 c6 19. Rde1 Ne6 20. h3 a5 21. a3 axb4 22. axb4 0-0 23. h4 g4 24. Ng5 hxg5 25. hxg5 Ng6 26. Qf5 Nc5 27. e6 Nxe6 28. Qxg4 Rfe8 29. Qh3 Nef8 30. Qf3 Rxe1 31. Rxe1 Re8 0-1

[Event "EU-ch Seniors 11th"]
[Site "Courmayeur"]
[Date "2011.04.10"]
[Round "5"]
[White "D'Aulisa, Francesco"]
[Black "Giani, Franco"]
[Result "1-0"]
[WhiteElo "1768"]
[BlackElo "1960"]
[PlyCount "81"]
[EventDate "2011.04.06"]
[EventType "swiss"]
[EventRounds "9"]
[EventCountry "ITA"]
[SourceTitle "CBM 141 Extra"]
[Source "ChessBase"]
[SourceDate "2011.05.03"]
[SourceVersion "1"]
[SourceVersionDate "2011.05.03"]
[SourceQuality "1"]

1. e4 c5 2. f4 d6 3. Nf3 Nc6 4. Bc4 e6 5. c3 a6 6. 0-0 b5 7. Be2 Nf6 8. d3 h6 9. Be3 Be7 10. Nbd2 Ng4 11. Bf2 Nxf2 12. Rxf2 0-0 13. c4 Bb7 14. h3 Bf6 15. Rb1 Nd4 16. b3 b4 17. Kh1 Qa5 18. e5 Be7 19. Ra1 Rad8 20. Nxd4 cxd4 21. Bf3 Qb6 22. Bxb7 Qxb7 23. Qf3 Qb8 24. Re1 dxe5 25. Rxe5 Bd6 26. Re4 Bc7 27. Qh5 Qc8 28. Qc5 Qb8 29. Qh5 a5 30. g4 Qc8 31. g5 hxg5 32. fxg5 Qb7 33. Kg1 Bg3 34. Rf3 f5 35. g6 Bh2+ 36. Kxh2 Qb8+ 37. Kg2 Rf6 38. Qh7+ Kf8 39. Qh8+ Ke7 40. Qxg7+ Ke8 41. Rxe6+ 1-0

[Event "Wch Seniors 20th"]
[Site "Arco"]
[Date "2010.10.30"]
[Round "5"]
[White "D'Aulisa, Francesco"]
[Black "Zanin, Umberto"]
[Result "1-0"]
[WhiteElo "1779"]
[BlackElo "1623"]
[PlyCount "123"]
[EventDate "2010.10.26"]
[EventType "swiss"]
[EventRounds "11"]
[EventCountry "ITA"]
[SourceTitle "EXT 2011"]
[Source "ChessBase"]
[SourceDate "2010.11.26"]
[SourceVersion "1"]
[SourceVersionDate "2010.11.26"]
[SourceQuality "1"]

1. e4 c5 2. f4 a6 3. Nf3 Nc6 4. Bc4 e6 5. 0-0 b5 6. Be2 Nd4 7. c3 Nxe2+ 8. Qxe2 c4 9. d4 cxd3 10. Qxd3 Bc5+ 11. Be3 Bxe3+ 12. Qxe3 Nf6 13. h3 Bb7 14. Nbd2 0-0 15. Rad1 Qc7 16. e5 Nd5 17. Qd4 f5 18. c4 bxc4 19. Nxc4 Bc6 20. Rc1 Qa7 21. Qxa7 Rxa7 22. Nd4 Bb5 23. b3 Rc7 24. g3 Bxc4 25. bxc4 Rfc8 26. c5 Rxc5 27. Rxc5 Rxc5 28. Nb3 Rc3 29. Kh2 Kf7 30. Rc1 Ke7 31. Rxc3 Nxc3 32. a3 d6 33. exd6+ Kxd6 34. Kg2 Nb5 35. a4 Nc3 36. a5 Nb5 37. Kf3 Kd5 38. Ke3 g6 39. Kd3 h6 40. Nd2 Nd4 41. h4 h5 42. Nc4 Nb3 43. Ne5 Nxa5 44. Nxg6 Nb3 45. Ne7+ Kc5 46. Ng8 a5 47. Nf6 Kb4 48. Nxh5 a4 49. Kc2 a3 50. Kb1 Nd2+ 51. Ka2 Ne4 52. Ng7 Nc3+ 53. Ka1 Kb3 54. Nxe6 Ne4 55. Nd4+ Ka4 56. Nxf5 Nd2 57. Nd4 Kb4 58. h5 Kc4 59. Nc2 Kb3 60. Nxa3 Kxa3 61. h6 Kb3 62. h7 1-0

[Event "Varese op 10th"]
[Site "Varese"]
[Date "2010.10.10"]
[Round "2"]
[White "D'Aulisa, Francesco"]
[Black "Falchi, Claudio"]
[Result "1-0"]
[WhiteElo "1779"]
[BlackElo "1666"]
[PlyCount "85"]
[EventDate "2010.10.09"]
[EventType "swiss"]
[EventRounds "6"]
[EventCountry "ITA"]
[SourceTitle "EXT 2024"]
[Source "ChessBase"]
[SourceDate "2023.10.10"]
[SourceVersion "1"]
[SourceVersionDate "2023.10.10"]
[SourceQuality "1"]

1. e4 e6 2. f4 d5 3. exd5 exd5 4. d4 Nf6 5. Nf3 Ne4 6. Bd3 Bf5 7. 0-0 Bd6 8. Nc3 Nxc3 9. bxc3 Bxd3 10. Qxd3 Qd7 11. Re1+ Kf8 12. Ne5 Qe6 13. Qb5 b6 14. Ng6+ hxg6 15. Rxe6 fxe6 16. Bd2 a6 17. Qe2 Kf7 18. c4 c6 19. Rb1 Nd7 20. a4 a5 21. Be3 Rab8 22. cxd5 exd5 23. c4 Nf6 24. g3 Ne4 25. Qc2 Rhc8 26. c5 bxc5 27. Rxb8 Rxb8 28. dxc5 Be7 29. Kg2 Bf6 30. Kf3 Rb2 31. Qd3 Be7 32. Qa6 Rb3 33. Qxc6 Nd2+ 34. Ke2 Nc4 35. Qxd5+ Kf6 36. Qxc4 Rb4 37. Qa6+ Kf7 38. Qxa5 Re4 39. Kf3 Re6 40. Qc7 Kf8 41. c6 Rf6 42. Qb7 Rd6 43. c7 1-0

[Event "ITA-ch Seniors 32nd"]
[Site "Arvier"]
[Date "2010.04.23"]
[Round "6"]
[White "D'Aulisa, Francesco"]
[Black "Diena, Giovanni"]
[Result "0-1"]
[WhiteElo "1741"]
[BlackElo "1837"]
[PlyCount "154"]
[EventDate "2010.04.18"]
[EventType "swiss"]
[EventRounds "9"]
[EventCountry "ITA"]
[SourceTitle "EXT 2024"]
[Source "ChessBase"]
[SourceDate "2023.10.10"]
[SourceVersion "1"]
[SourceVersionDate "2023.10.10"]
[SourceQuality "1"]

1. e4 e5 2. Nf3 Nc6 3. Bb5 a6 4. Ba4 Nf6 5. Nc3 b5 6. Bb3 Be7 7. 0-0 0-0 8. Re1 d6 9. h3 Bb7 10. d4 Nxd4 11. Nxd4 exd4 12. Qxd4 c5 13. Qd3 c4 14. Bxc4 bxc4 15. Qxc4 Rc8 16. Qd3 d5 17. e5 Ne4 18. Ne2 Nc5 19. Qe3 Ne6 20. c3 Bc5 21. Qg3 Kh8 22. Be3 Be7 23. Qg4 Rc4 24. f4 Bc8 25. Qf3 Bc5 26. Bxc5 Rxc5 27. b4 Rc4 28. Red1 Qb6+ 29. Kh2 Bb7 30. Qg3 Re4 31. Nd4 Nxf4 32. Rf1 Nh5 33. Qg5 Qg6 34. Qe7 Kg8 35. Qxb7 Qg3+ 36. Kh1 Nf4 37. Rxf4 Qxf4 38. Qxd5 Rxe5 39. Qc6 Qd2 40. Nf3 Qb2 41. Rf1 Qe2 42. Re1 Re6 43. Qd5 Qb5 44. Qxb5 Rxe1+ 45. Nxe1 axb5 46. Nd3 Ra8 47. Ne5 Rxa2 48. c4 bxc4 49. Nxc4 Ra4 50. Kh2 Rxb4 51. Ne5 f6 52. Nf3 Kf7 53. h4 Ke6 54. Kh3 h5 55. g3 Ra4 56. Ne1 g5 57. Nd3 Kf5 58. Nc5 Ra1 59. Nd7 Rh1+ 60. Kg2 Rd1 61. Nc5 Rd5 62. Nb3 Kg4 63. Kf2 Rd3 64. Nc5 Rf3+ 65. Ke2 Kxg3 66. Ne4+ Kg2 67. Kd2 Rf4 68. Kd3 Rxe4 69. Kxe4 Kg3 70. Ke3 g4 71. Ke2 Kxh4 72. Kf2 f5 73. Kg2 Kg5 74. Kh2 f4 75. Kg2 Kf5 76. Kf2 h4 77. Kg2 Ke4 0-1

[Event "ITA-ch Seniors 32nd"]
[Site "Arvier"]
[Date "2010.04.22"]
[Round "5"]
[White "Papa, Angelo"]
[Black "D'Aulisa, Francesco"]
[Result "0-1"]
[WhiteElo "1855"]
[BlackElo "1741"]
[PlyCount "150"]
[EventDate "2010.04.18"]
[EventType "swiss"]
[EventRounds "9"]
[EventCountry "ITA"]
[SourceTitle "EXT 2024"]
[Source "ChessBase"]
[SourceDate "2023.10.10"]
[SourceVersion "1"]
[SourceVersionDate "2023.10.10"]
[SourceQuality "1"]

1. d4 e6 2. Nf3 d6 3. Nc3 h6 4. e4 a6 5. Be3 Nd7 6. Qd2 Ne7 7. Bd3 b6 8. 0-0 g5 9. d5 e5 10. Rfd1 Ng6 11. Ne2 Nf4 12. c4 Rg8 13. b4 Nf6 14. Rac1 Qd7 15. Ng3 Qg4 16. h3 Nxh3+ 17. gxh3 Qxh3 18. Bf1 Qg4 19. Bg2 Nxe4 20. Nxe4 Qxe4 21. Qd3 Bf5 22. Qxe4 Bxe4 23. c5 b5 24. cxd6 Bxd6 25. Bc5 Kd7 26. Nh2 Bf5 27. Bxd6 cxd6 28. Rc6 Rgc8 29. Rdc1 g4 30. Nf1 h5 31. Ng3 Bg6 32. Ne4 Rxc6 33. Rxc6 Bxe4 34. Bxe4 Ke7 35. Kg2 a5 36. bxa5 Rxa5 37. Rc2 Ra4 38. f3 Rd4 39. Kg3 gxf3 40. Kxf3 f5 41. Bxf5 Rf4+ 42. Kg3 Rxf5 43. Rb2 Rf4 44. Rxb5 Ra4 45. Rb7+ Kd8 46. Rh7 Rxa2 47. Rxh5 Rd2 48. Rh7 Rxd5 49. Kf3 Rd4 50. Ke3 Rf4 51. Rg7 Ke8 52. Rh7 d5 53. Rh5 Re4+ 54. Kd3 Ke7 55. Rh7+ Kd6 56. Rh8 Rg4 57. Rd8+ Kc6 58. Rc8+ Kd7 59. Rh8 Rg3+ 60. Ke2 d4 61. Rh6 e4 62. Rh4 Re3+ 63. Kd2 Kd6 64. Rh5 Rg3 65. Rh8 Rg2+ 66. Ke1 e3 67. Kf1 Ra2 68. Ke1 Kd5 69. Kd1 Kc4 70. Rb8 Kc3 71. Rb1 d3 72. Rc1+ Kd4 73. Rb1 Rh2 74. Rb4+ Kc3 75. Rh4 e2+ 0-1

[Event "Varese Province-ch"]
[Site "Gallarate"]
[Date "2010.01.30"]
[Round "4"]
[White "D'Aulisa, Francesco"]
[Black "Mondini, Francesco"]
[Result "1-0"]
[WhiteElo "1749"]
[BlackElo "1504"]
[PlyCount "67"]
[EventDate "2010.01.23"]
[EventType "swiss"]
[EventRounds "6"]
[EventCountry "ITA"]
[SourceTitle "EXT 2024"]
[Source "ChessBase"]
[SourceDate "2023.10.10"]
[SourceVersion "1"]
[SourceVersionDate "2023.10.10"]
[SourceQuality "1"]

1. e4 e5 2. Nf3 Nc6 3. Bb5 Nf6 4. 0-0 a6 5. Bxc6 dxc6 6. Nxe5 Qd4 7. Nf3 Qb6 8. h3 Bc5 9. d4 Bb4 10. c3 Be7 11. Nbd2 Qb5 12. e5 Nd7 13. Ne4 0-0 14. Nfg5 h6 15. e6 hxg5 16. exd7 Bxd7 17. Qh5 g4 18. hxg4 Qxh5 19. gxh5 f5 20. Bg5 Bxg5 21. Nxg5 f4 22. Rfe1 Bg4 23. Re7 Bxh5 24. Rxc7 Rf5 25. Ne6 Bf7 26. Nc5 b6 27. Nd7 Be6 28. Nxb6 Rb8 29. Rxc6 Bf7 30. b3 f3 31. gxf3 Bh5 32. Rc8+ Rxc8 33. Nxc8 Bxf3 34. Ne7+ 1-0

[Event "Varese Province-ch"]
[Site "Gallarate"]
[Date "2010.01.24"]
[Round "2"]
[White "Bardelli, Alberto"]
[Black "D'Aulisa, Francesco"]
[Result "1-0"]
[WhiteElo "1817"]
[BlackElo "1749"]
[PlyCount "91"]
[EventDate "2010.01.23"]
[EventType "swiss"]
[EventRounds "6"]
[EventCountry "ITA"]
[SourceTitle "EXT 2024"]
[Source "ChessBase"]
[SourceDate "2023.10.10"]
[SourceVersion "1"]
[SourceVersionDate "2023.10.10"]
[SourceQuality "1"]

1. e4 d6 2. d4 e6 3. Nf3 h6 4. Bd3 a6 5. Nc3 Nd7 6. Be3 Ne7 7. 0-0 b6 8. Nd2 e5 9. f4 exd4 10. Bxd4 Nc6 11. Bf2 Bb7 12. Qe2 Be7 13. Nd5 Nf6 14. Nxe7 Qxe7 15. c3 0-0 16. Rae1 Rfe8 17. Bh4 Qe6 18. e5 Qd5 19. Bxf6 gxf6 20. Qg4+ Kf8 21. exf6 Re6 22. Qg7+ Ke8 23. Qg8+ Kd7 24. Qxf7+ Ne7 25. Qxe6+ Qxe6 26. Rxe6 Kxe6 27. fxe7 Kxe7 28. Be4 d5 29. Bf3 Rf8 30. g3 Kd6 31. Nc4+ Kc5 32. Ne5 Bc8 33. Rd1 c6 34. a4 Rg8 35. b4+ Kd6 36. c4 Be6 37. cxd5 cxd5 38. Nc4+ Kc6 39. Ne5+ Kd6 40. Rc1 Rc8 41. Rxc8 Bxc8 42. Kf2 Be6 43. Ke3 Bf5 44. Nf7+ Ke6 45. Nxh6 Bc2 46. a5 1-0